1891 1502 1507 1581 1697 1515 1116 1676 1724 1483 1285 1103 1581 1449 1739 1721 1171 1414 1690 1419 1050 1663 1542 1976 1626 1045 1160 1016 1440 1484 1280 1808 1427 1129 1217 1504 1483 1434 1504 1291 1868 1041 1486 1770 1523 1104 1459 1255 1133 1002 1934 1617 1673 1441 1460 1307 1070 1355 1405 1482 1379 1733 1498 1724 1372 1982 1232 1723 1649 1082 1898 1436 1737 1523 1917 1071 1591 1133 1792 1721 1583 1470 1300 1721 1357 1058 1191 1221 1285 1070 1750 1497 1946 1431 1487 1902 1854 1885 1565 BCNSPRNW ULIB Ver.6.0+V

เปลี่ยนเป็นภาษาไทย

Change to English
 แสดงรายละเอียดบรรณานุกรม
  กลับหน้าหลัก

Brief Record : Get Marc (ISO 2709) : E-mail record : QR code < ปิดหน้าต่าง
LEADER : 00000nam 2200000uu 4500
001    13399112029
003     ULIB
008    110725s2546||||th 000 0 tha d
020    9749137884
050  4 H62^bน142ค 2546
100 0  นงพรรณ พิริยานุพงศ์
245 10 คู่มือวิจัยและพัฒนา /^cนงพรรณ พิริยานุพงศ์
250    พิมพ์ครั้งที่ 1
260    นนทบุรี :^bโครงการสวัสดิการวิชาการ สถาบันพระบรมราชชนก,^c2546
300    176 หน้า :^bภาพประกอบ ;^c21 ซม.
650  7 การเขียนทางวิชาการ
650  7 วิจัย
710 2  โครงการสวัสดิการวิชาการ สบช.
945    ^p150^l0^i017761
945    ^p150^l0^i019512
945    ^p150^l0^i024140
945    ^p150^l0^i033151
945    ^p150^l0^i033152
945    ^p150^l0^i033153
995    ทศพร
999 ^a ทศพร
รายการนี้ยังไม่มีแท็ก
คุณยังไม่ได้ล็อกอิน คุณสามารถมีกิจกรรมร่วมกับเว็บไซต์ได้ แต่ต้องล็อกอินก่อน ::
  ล็อกอิน

รายการสื่อสารสนเทศ

ลำดับที่ ประเภท เลขเรียก/บาร์โค้ด สถานที่ สถานะ
1. วิทยาศาสตร์การแพทย์ และสุขภาพ
วิทยาศาสตร์การแพทย์ และสุขภาพ
H62 น142ค 2546 ฉ.4 
  Barcode: 033151
ห้องสมุดวิทยาเขตสวรรค์ประชารักษ์
►หนังสือทั่วไป
บนชั้น
2. วิทยาศาสตร์การแพทย์ และสุขภาพ
วิทยาศาสตร์การแพทย์ และสุขภาพ
H62 น142ค 2546 ฉ.5 
  Barcode: 033152
ห้องสมุดวิทยาเขตสวรรค์ประชารักษ์
►หนังสือทั่วไป
บนชั้น
3. วิทยาศาสตร์การแพทย์ และสุขภาพ
วิทยาศาสตร์การแพทย์ และสุขภาพ
H62 น142ค 2546 ฉ.6 
  Barcode: 033153
ห้องสมุดวิทยาเขตสวรรค์ประชารักษ์
►หนังสือทั่วไป
บนชั้น

รายการใกล้เคียง
    ผู้แต่ง [นงพรรณ พิริยานุพงศ์]

    หัวเรื่อง [การเขียนทางวิชาการ]
    หัวเรื่อง [วิจัย]

BibComment


ยังไม่เคยถูกคอมเมนท์

คอมเมนท์ทรัพยากรรายการนี้
  คอมเมนท์: คู่มือวิจัยและพัฒ..


 Copyright 2026. Bcnsprnw @Library